| 000 | 00354nam a2200145Ia 4500 | ||
|---|---|---|---|
| 008 | 230917s9999||||xx |||||||||||||| ||und|| | ||
| 040 |
_e199702 _aMAIN |
||
| 041 | _aEnglish | ||
| 082 | _a333.913 I2R | ||
| 100 | _aInderjeet | ||
| 245 | 0 | _aRainwater harvesting | |
| 260 |
_aNew Delhi _bMittal Publications _c2009 |
||
| 300 | _axvi, 328 p. | ||
| 942 | _cBK | ||
| 999 |
_c170396 _d170396 |
||